00282nam a2200109Ia 4500008004100000020001500041082001700056245003700073260002900110300000800139700002500147161229s9999 xx 000 0 und d a0749424362 a658.3 GAL/CO aContinuous improvement in action bKogan pagealondonc1997 a228 aGallagher, Maeve,ed.